Players with the most NA FNCS Wins (East and Central) - Statistics

General Stats
  • This quiz has been taken 4 times
    3 since last reset
  • The average score is 11 of 12
Answer Stats
FNCS Wins Country Players % Correct
4x Canada 🇨🇦 Acorn
100%
2x USA 🇺🇸 Ajerss
100%
3x USA 🇺🇸 Bugha
100%
4x USA 🇺🇸 Cold
100%
2x USA 🇺🇸 Deyy
100%
4x Mexico 🇲🇽 Pollo
100%
3x Mexico 🇲🇽 Dukez
100%
6x Canada 🇨🇦 Mero
100%
6x USA 🇺🇸 Peterbot
100%
2x USA 🇺🇸 Reverse2k
67%
2x USA 🇺🇸 Ritual
67%
2x Canada 🇨🇦 Avery
33%
No matching quizzes found
Score Distribution
Percent of People with Each Score
Percentile by Number Answered
Your Score History
You have not taken this quiz since the last reset